Normal view
MARC view
- Elecciones
Entry Materia
001 - NÚMERO DE CONTROL DEL REGISTRO
- campo de control: 22630
003 - IDENTIFICADOR DE NUMERO DE CONTROL
- campo de control: MX-MxUPN
005 - FECHA Y HORA DE LA ÚLTIMA TRANSACCIÓN
- campo de control: 20231027122741.0
008 - DATOS DE LONGITUD FIJA
- campo de control de longitud fija: 231027nn fnnnnbabd b |na |d
035 ## - NÚMERO DE CONTROL DEL SISTEMA
- Número de control del sistema: UPN10000022639
040 ## - FUENTE DE LA CATALOGACIÓN
- Lengua de catalogación: spa
- Centro catalogador de origen: MX-MxUPN
150 ## - ENCABEZAMIENTO - TEMÁTICO
- Término de materia o nombre geográfico como elemento inicial: Elecciones
- Subdivisión geográfica: Distrito Federal (México)
450 ## - VÉASE - MATERIA
- Encabezamiento temático: Elecciones
- Subdivisión geográfica: México (D.F,)
- Subcampo de control: nno
670 ## - FUENTE EN LA QUE SE LOCALIZARON DATOS
- Cita de la fuente: Escamilla González, G. Lista de encabezamientos de materia, 1978 :
- Información localizada: página 290 (Elecciones - México)
670 ## - FUENTE EN LA QUE SE LOCALIZARON DATOS
- Cita de la fuente: Autoridades BGTQ, 27 octubre 2023 :
- Información localizada: (Distrito Federal (México))
902 ## - CATALOGADOR
- Catalogador: CAA/210114
- Catalogador: VíctorGodínez/271023
